As implicações das TIC no ensino da língua (Registo nº 4451)

Detalhes MARC
000 -Etiqueta do registo
Cabeçalho 00727nam0a2200265 4500
005 - Identificador da versão
Campo de controlo 20240813122101.0
010 ## - Número internacional normalizado dos livros (ISBN)
Número (ISBN) 9789727423064
021 ## - Número do Depósito Legal
Código do país PT
Número 292 709/09
100 ## - Dados gerais de processamento
Dados gerais de processamento 20120411d2011 m y0pory5003 ba
102 ## - Pais de publicação ou produção
País de publicação Portugal
101 0# - Língua de publicação
Língua do texto, banda sonora, etc. Português
106 ## - Campo de dados codificados: material textual
Dados codificados do material textual r
105 ## - Campo de dados codificados: livros
Dados codificados dos livros y z 001yy
215 ## - Descrição física 
Indicação específica da natureza do documento e extensão da espécie 83 p.
200 1# - Titulo e menção de responsabilidade
Título próprio As implicações das TIC no ensino da língua
Primeira menção de responsabilidade Clara Ferrão Tavares
-- Luís Filipe Barbeiro
Outras menções de responsabilidade Teresa Cláudia Tavares
205 ## - Menção da edição
Menção da edição 1ª ed
675 ## - Classificação Decimal Universal (CDU)
Notação 371
Notação 373
701 #1 - Nome de autor-pessoa física (co-responsabilidade principal)
Palavra de ordem Barbeiro
Outra parte do nome não tomada para palavra de ordem Luís Filipe
Datas 1960-
700 #1 - Nome de autor-pessoa física (responsabilidade principal)
Número de registo de entrada de autoridade 0001298
Palavra de ordem Tavares
Outra parte do nome não tomada para palavra de ordem Maria Clara Ferrão
Datas 1951-
966 ## - Identificação da Biblioteca
Sigla EBVendas
942 ## - Elementos de entrada adicionados (Koha)
Tipo de item no Koha Livro
Exemplares
Situação do levantamento Origin of item (home branch) (coded) Biblioteca de empréstimo Código de barras Cota Circulation type (not for loan) Tipo de documento Nota do exemplar Damaged status
  Biblioteca Escolar das Vendas Biblioteca Escolar das Vendas BEV2496 | 2011 3EDU TAV   Livro Sem mensagem  
  Biblioteca Escolar das Vendas Biblioteca Escolar das Vendas BEV2497 | 2011 3EDU TAV   Livro Sem mensagem  
  Biblioteca Escolar das Vendas Biblioteca Escolar das Vendas BEV2498 | 2011 3EDU TAV   Livro Sem mensagem